| 000 | 01832nam a22005173 4500 | ||
|---|---|---|---|
| 001 | 9117 | ||
| 010 | _a9973190009 | ||
| 090 | _a9117 | ||
| 099 | _tLIVR | ||
| 100 | _a20050101d1992 a y0frey50 ba | ||
| 101 | 0 | _afre | |
| 102 | _aTN | ||
| 200 | 1 |
_aLe Hammam _bLIVR _fd'Othman Khadraoui _gConçu et présenté par : Lizbeth Pelinq et Anne Thuaudet |
|
| 210 |
_aTunis _cCérès Productions _d1992 |
||
| 215 |
_a62p. _cCouv.Ill.Coul. _d14.5 x 21.5 |
||
| 300 | _aBas-reliefs en bois polychromes | ||
| 606 |
_aArtistes Tunisiens _924349 |
||
| 700 |
_316791870 _aKhadraoui _bOthman _4070 _924282 |
||
| 701 |
_313202220 _aTurki _bHedi _4070 |
||
| 701 |
_316809730 _aBoughedir _bFérid _4070 |
||
| 701 |
_316808682 _aAyadi _bSamir _4070 |
||
| 701 |
_a Jlassi _bZohra _4070 _924283 |
||
| 701 |
_aKacem _bAbdelaziz _4070 _924284 |
||
| 701 |
_aEl Kamel _bRafik _4070 _924285 |
||
| 701 |
_aBel Hadj Yahia _bEmna _4070 _924286 |
||
| 701 |
_aSehili _bMahmoud _4070 _924287 |
||
| 701 |
_aBen Ammar _bHamida _4070 _924288 |
||
| 701 |
_aNallouti _bAroussia _4070 _924289 |
||
| 701 |
_aDhab _bNefla _4070 _924290 |
||
| 701 |
_aDriss _bMohamed _4070 _924291 |
||
| 701 |
_aEl Goulli _bSophie _4070 _924292 |
||
| 701 |
_aBellagha _bAli _4070 _924293 |
||
| 701 |
_aDhouib _bMoncef _4070 _924294 |
||
| 701 |
_aBrahem _bAnouar _4070 _924295 |
||
| 701 |
_aLouati _bAli _4070 _924296 |
||
| 701 |
_aChebbi _bFadhila _4070 _924297 |
||
| 701 |
_aBen Abderrazak _bLotfi _4070 _924298 |
||
| 701 |
_aKoraïchi _b Rachid _4070 _924299 |
||
| 701 |
_aTabaï _bAlia _4070 _924300 |
||
| 701 |
_a Bouchrara Zannad _bTraki _4070 _924301 |
||
| 701 |
_aWahad Bouhdiba _bAbdel _4070 _924302 |
||
| 702 |
_316798527 _aPelinq _bLizbeth _4340 _4080 _924303 |
||
| 702 |
_316803690 _aThuaudet _bAnne _4340 _4080 _924304 |
||
| 801 | 0 |
_aFR _bFR-751131015 _c20050101 _gAFNOR |
|
| 801 | 0 |
_aTN _b32Bis |
|
| 830 | _aABA | ||